Les plus jeunes buteurs en Equipe de France de Football - Statistiques

Statistiques générales
  • Ce quiz a été pris 80 fois
  • Le résultat moyen est 8 sur 25
Statistiques - réponses
Rang Âge Match Joueur % Correct
4 18 ans et 259 jours France 4 - 0 Pays-Bas (31/08/2017) Kylian Mbappé
93%
1 17 ans et 258 jours France 14 - 0 Gibraltar (18/11/2023) Warren Zaïre-Emery
89%
23 20 ans et 305 jours France 3 - 0 Afrique du Sud (12/06/1998) Thierry Henry
74%
7 19 ans et 102 jours France 1 - 0 Autriche (28/03/2007) Karim Benzema
69%
13 20 ans et 29 jours France 3 - 2 Angleterre (13/06/2017) Ousmane Dembélé
65%
21 20 ans et 285 jours France 2 - 2 Tchécoslovaquie (27/03/1976) Michel Platini
57%
19 20 ans et 238 jours Finlande 0 - 1 France (05/06/1998) David Trezeguet
54%
2 17 ans et 337 jours France 7 - 1 Ukraine (07/10/2020) Eduardo Camavinga
54%
11 19 ans et 295 jours France 4 - 2 Russie (29/03/2016) Kingsley Coman
49%
17 20 ans et 181 jours Biélorussie 2 - 4 France (10/09/2013) Paul Pogba
40%
20 20 ans et 275 jours Italie 1 - 3 France (01/09/2016) Anthony Martial
32%
9 19 ans et 212 jours Russie 2 - 3 France (10/10/1998) Nicolas Anelka
32%
12 19 ans et 352 jours France 1 - 0 Géorgie (06/06/2007) Samir Nasri
32%
18 20 ans et 223 jours Îles Féroé 0 - 6 France (13/10/2007) Hatem Ben Arfa
28%
24 20 ans et 361 jours France 3 - 0 Ecosse (11/10/1989) Didier Deschamps
14%
25 21 ans et 26 jours Chypre 1 - 2 France (07/09/2002) Djibril Cissé
14%
10 19 ans et 217 jours Irlande 3 - 2 France (14/10/1981) Bruno Bellone
4%
6 19 ans et 49 jours France 5 - 1 Grèce (27/02/1980) Yannick Stopyra
4%
5 19 ans et 14 jours France 2 - 0 Italie (23/02/1982) Daniel Bravo
3%
8 19 ans et 208 jours France 2 - 3 Hongrie (11/11/1962) Fleury Di Nallo
3%
15 20 ans et 147 jours Hongrie 4 - 2 France (28/09/1966) Hervé Revelli
1%
14 20 ans et 52 jours Portugal 0 - 3 France (16/02/1983) Jean-Marc Ferreri
1%
3 18 ans et 164 jours France 2 - 2 Suisse (11/11/1963) Georges Lech
0%
22 20 ans et 288 jours France 1 - 0 Hongrie (06/10/1982) Laurent Roussey
0%
16 20 ans et 157 jours France 3 - 1 Grèce (08/09/1973) Marc Berdoll
0%
Aucun quiz correspondant
Distribution des résultats
% des personnes avec chaque résultat
Percentile par nombre de réponses
Votre historique - résultats
Vous n’avez pas pris ce quiz